Lenin, partija, okťjabr.

Uložené v:
Podrobná bibliografia
Médium: Kniha
Jazyk:Russian
Vydané: Leningrad : Izdateľstvo Leningradskogo universiteta, 1967.
Fyzický popis: 254 strán.
Tagy: Pridať tag
Žiadne tagy, Buďte prvý kto otaguje tento záznam!

MARC

LEADER 00000nam a22000002i 4500
001 000659270
005 20210307215511.0
008 210307s1967 ru e 000 0 rus d
020 |q (viazané) 
040 |a SVKKK  |b slo  |c SVKKK  |e rda 
245 0 0 |a Lenin, partija, okťjabr. 
264 1 |a Leningrad :  |b Izdateľstvo Leningradskogo universiteta,  |c 1967. 
300 |a 254 strán. 
336 |a text  |b txt  |2 rdacontent 
337 |a bez média  |b n  |2 rdamedia 
338 |a zväzok  |b nc  |2 rdacarrier 
500 |a Záznam revízie 
700 1 |a Dachija, D. M.  |4 red 
910 |a svkkk 
998 |a BK 
090 |g SCKHL  |k Sklad Pribinova 2. posch.  |a III.99147  |j 450941  |i 2720774563  |4 Zastaraná  |s Vyradená